Encyclopaedia of statistical theory (Record no. 421)

MARC details
000 -LEADER
fixed length control field 00500 a2200181 4500
001 - CONTROL NUMBER
control field 066353
003 - CONTROL NUMBER IDENTIFIER
control field OSt
005 - DATE AND TIME OF LATEST TRANSACTION
control field 20210927135427.0
008 - FIXED-LENGTH DATA ELEMENTS--GENERAL INFORMATION
fixed length control field
082 ## - DEWEY DECIMAL CLASSIFICATION NUMBER
Classification number 519.503
Item number P19E
100 1# - MAIN ENTRY--PERSONAL NAME
Personal name Pandey, Rakesh Kumar
245 1# - TITLE STATEMENT
Title Encyclopaedia of statistical theory
Statement of responsibility, etc by Rakesh Kumar Pandey
260 ## - PUBLICATION, DISTRIBUTION, ETC. (IMPRINT)
Place of publication, distribution, etc New Delhi
Name of publisher, distributor, etc Anmol Publications
Date of publication, distribution, etc 2009
300 ## - PHYSICAL DESCRIPTION
Extent 2v.(v.1:276; v.2:274p.)
500 ## - GENERAL NOTE
General note 639 v.1; 640 v.2
690 ## - LOCAL SUBJECT ADDED ENTRY--TOPICAL TERM (OCLC, RLIN)
Topical term or geographic name as entry element Mathematical statistics
942 ## - ADDED ENTRY ELEMENTS (KOHA)
Source of classification or shelving scheme Dewey Decimal Classification
Koha item type Books
Holdings
Withdrawn status Lost status Damaged status Not for loan Collection code Home library Current library Date acquired Source of acquisition Cost, normal purchase price Full call number Barcode Date last seen Price effective from Koha item type
        General Text Book Central University Of Rajasthan Central University Of Rajasthan 07/03/2012 STT 0.00 519.503 P19E 639 21/11/2024 02/09/2020 Books
        General Text Book Central University Of Rajasthan Central University Of Rajasthan 07/03/2012 STT 7500.00 519.503 P19E 640 21/11/2024 02/09/2020 Books